LIBRARY & INFORMATION CENTRE, KCAET, TAVANUR

ONLINE PUBLIC ACCESS CATALOGUE (OPAC)

Essential Hemigway / (Record no. 7808)

MARC details
000 -LEADER
fixed length control field 00384cam a2200157ua 4500
041 ## - LANGUAGE CODE
Language code of text/sound track or separate title eng
082 ## - DEWEY DECIMAL CLASSIFICATION NUMBER
Classification number 823.308
Item number HEM/ES
100 ## - MAIN ENTRY--AUTHOR NAME
Personal name Hemingway, Earnest .
245 ## - TITLE STATEMENT
Title Essential Hemigway /
250 ## - EDITION STATEMENT
Edition statement 1 /
260 ## - PUBLICATION, DISTRIBUTION, ETC. (IMPRINT)
Place of publication London :
Name of publisher Jonathan Cape ,
Year of publication 1964.
300 ## - PHYSICAL DESCRIPTION
Number of Pages 445 ; .
942 ## - ADDED ENTRY ELEMENTS (KOHA)
Koha item type Books
Holdings
Withdrawn status Lost status Damaged status Home library Current library Date acquired Full call number Accession Number Koha item type
Withdrawn     KAUAET Sanskrit University 07/04/2012 823.308 10450 Books
free website counter